000 00400nam a22001697a 4500
003 BD-DhUIB
005 20251101190011.0
008 251101b |||||||| |||| 00| 0 eng d
040 _aBD-DhUIB
_cBD-DhUIB
050 _a657
082 _222
100 _aWeygandt, Jerry J.
_9384
245 _aAccounting principles/
_cby Jerry J. Weygandt.
250 _a11th ed.
526 _aBBA.
942 _2ddc
_cBK
999 _c638
_d638